Tuna el-Gebel. Kleine Götter - Grosse Götter : Festschrift für Dieter Kessler zum 65. Geburtstag / 4,

محفوظ في:

المؤلف الرئيسي: Flossmann-Schütze, Mélanie C. (مؤلف)

مؤلفون آخرون: Kessler, Dieter, 1948-

التنسيق: كتاب

اللغة: German
English

منشور في: [München] : Verlag Patrick Brose, 2013.

الطبعة: 1. Aufl.

سلاسل: Tuna el-Gebel ; 4.

الموضوعات:

الوسوم: إضافة وسم

لا توجد وسوم, كن أول من يضع وسما على هذه التسجيلة!

رقم الطلب: DT73 .T85 T21 v.4

LEADER 01112nam a22003137a 4500
003 OSt
005 20251209123436.0
008 251209t2013 gw ab b 000 0 ger d
020 |a 9783944207025 
040 |c ARCE Library 
041 0 |a ger  |a eng 
043 |a f-ua--- 
050 1 4 |a DT73 .T85  |b T21 v.4 
100 1 |a Flossmann-Schütze, Mélanie C.  |e author  |9 30112 
245 1 0 |a Tuna el-Gebel.   |n 4,   |b Kleine Götter - Grosse Götter : Festschrift für Dieter Kessler zum 65. Geburtstag /   |c herausgegeben von Mélanie C. Flossmann-Schütze ... [et al.]. 
250 |a 1. Aufl. 
264 1 |a [München] :   |b Verlag Patrick Brose,   |c 2013. 
300 |a ix, 563 pages :   |b illustrations (some color), maps ;   |c 30 cm. 
490 1 |a Tuna el-Gebel ;   |v 4. 
504 |a Includes bibliographical references. 
546 |a In German with 5 contributions in English 
600 1 0 |a Kessler, Dieter,   |d 1948- 
651 0 |a Tūnat al-Jabal Site (Egypt) 
651 0 |a Egypt  |x Antiquities. 
700 1 |a Kessler, Dieter,   |d 1948- 
830 0 |a Tuna el-Gebel ;   |v 4. 
901 |a reviewed 
942 |c BK  |2 lcc 
999 |c 27989  |d 27989